Trabajos prácticos de electrónica / (Record no. 107860)

MARC details
000 -LEADER
campo de control de longitud fija 00733nam a2200217 i 4500
001 - NÚMERO DE CONTROL
campo de control 107860
003 - IDENTIFICADOR DE NÚMERO DE CONTROL
campo de control ES-MaACL
005 - FECHA Y HORA DE LA ÚLTIMA TRANSACCIÓN
campo de control 20230906184518.0
007 - CAMPO FIJO DE DESCRIPCIÓN FÍSICA--INFORMACIÓN GENERAL
campo de control de longitud fija t|
008 - DATOS DE LONGITUD FIJA--INFORMACIÓN GENERAL
campo de control de longitud fija 061121s1964 sp r ||||1| spa d
100 1# - ENTRADA PRINCIPAL--NOMBRE DE PERSONA
Nombre de persona Mounic, Marcel.
9 (RLIN) 83873
245 10 - MENCIÓN DEL TÍTULO
Título Trabajos prácticos de electrónica /
Mención de responsabilidad, etc. M. Mounic, J. Ricard; traducción por Ramón Puigianer Trepat, Manuel Martí Recover.
250 ## - MENCION DE EDICION
Mención de edición 1ª. ed.
260 ## - PUBLICACIÓN, DISTRIBUCIÓN, ETC.
Lugar de publicación, distribución, etc. Barcelona :
Nombre del editor, distribuidor, etc. José Montesó,
Fecha de publicación, distribución, etc. 1964.
300 ## - DESCRIPCIÓN FÍSICA
Extensión 2v. :
Otras características físicas il. ;
Dimensiones 22 cm.
650 #4 - PUNTO DE ACCESO ADICIONAL DE MATERIA--TÉRMINO DE MATERIA
Término de materia o nombre geográfico como elemento de entrada Electrónica-
Subdivisión de forma Manuales de laboratorio.
9 (RLIN) 154840
700 1# - ENTRADA AGREGADA--NOMBRE PERSONAL
Nombre de persona Ricard, J.
9 (RLIN) 96850
700 1# - ENTRADA AGREGADA--NOMBRE PERSONAL
Nombre de persona Puigjaner Trepat, Ramón.
9 (RLIN) 94300
700 1# - ENTRADA AGREGADA--NOMBRE PERSONAL
Nombre de persona Martí Recover, Manuel.
9 (RLIN) 77236
852 ## - LOCALIZACIÓN
Ubicación ES-MaACL
Número de control de estantería C-28118-9
Sublocalización o colección R.57303
Holdings
Estatus retirado Estado de pérdida Estado de daño No para préstamo Biblioteca de origen Biblioteca actual Ubicación en estantería Fecha de adquisición Fuente de adquisición Total de préstamos Signatura topográfica completa Código de barras Visto por última vez Precio de reemplazo Tipo de ítem Koha
        Biblioteca del Ateneo de Madrid Biblioteca del Ateneo de Madrid Depósito 2 17/01/2008     C-28118-9 1112564 23/02/2023 23/02/2023 Libro impreso